| 000 | 00514nam a2200145Ia 4500 | ||
|---|---|---|---|
| 008 | 100122s9999 xx 000 0 und d | ||
| 082 |
_b61437 _a824 |
||
| 100 | _aबोरवणकर निलिमा | ||
| 245 | _aपंचतारांकित दुनियेत | ||
| 260 |
_bउन्मेष प्रकाशन _c2002 |
||
| 300 | _a152 | ||
| 630 | _aपंचतारांकित दुनियेत | ||
| 730 | _aपंचतारांकित दुनियेत | ||
| 942 | _cBOOK | ||
| 999 |
_c436205 _d436202 |
||